5HLuxD.jpg

KING HENRY VIII SENIOR AND PRIMARY SCHOOL LIBRARY OPAC

Rain / (Record no. 146)

000 -LEADER
fixed length control field 01302pam a2200421 i 4500
001 - CONTROL NUMBER
control field bl2013048476
003 - CONTROL NUMBER IDENTIFIER
control field OSt
005 - DATE AND TIME OF LATEST TRANSACTION
control field 20190729091214.0
008 - FIXED-LENGTH DATA ELEMENTS--GENERAL INFORMATION
fixed length control field 131101s2014 onca j 000 1 eng d
020 ## - INTERNATIONAL STANDARD BOOK NUMBER
International Standard Book Number 9780373211111
020 ## - INTERNATIONAL STANDARD BOOK NUMBER
International Standard Book Number 0373211112
040 ## - CATALOGING SOURCE
Original cataloging agency NjBwBT
Language of cataloging eng
Transcribing agency NjBwBT
Description conventions rda
Modifying agency IMmBT
082 04 - DEWEY DECIMAL CLASSIFICATION NUMBER
Classification number FIC SUN
Edition number 23
091 ## - MICROFILM SHELF LOCATION (AM) [OBSOLETE]
Microfilm shelf location FIC
100 1# - MAIN ENTRY--PERSONAL NAME
Personal name Sun, Amanda,
Relator term author.
245 10 - TITLE STATEMENT
Title Rain /
Statement of responsibility, etc. Amanda Sun.
264 #1 - PRODUCTION, PUBLICATION, DISTRIBUTION, MANUFACTURE, AND COPYRIGHT NOTICE
Place of production, publication, distribution, manufacture Don Mills, Ontario :
Name of producer, publisher, distributor, manufacturer Harlequin Teen,
Date of production, publication, distribution, manufacture, or copyright notice [2014]
300 ## - PHYSICAL DESCRIPTION
Extent 300 pages :
Other physical details illustrations ;
Dimensions 21 cm.
336 ## - CONTENT TYPE
Content type term text
Source rdacontent.
337 ## - MEDIA TYPE
Media type term unmediated
Source rdamedia.
338 ## - CARRIER TYPE
Carrier type term volume
Source rdacarrier.
490 1# - SERIES STATEMENT
Series statement The Paper Gods series.
520 ## - SUMMARY, ETC.
Summary, etc. Katie tries to help Tomohiro uncover the truth about his dark ancestry after his power to bring drawings to life starts to spiral out of control.
650 #1 - SUBJECT ADDED ENTRY--TOPICAL TERM
Topical term or geographic name entry element Americans
Geographic subdivision Japan
Form subdivision Fiction.
650 #1 - SUBJECT ADDED ENTRY--TOPICAL TERM
Topical term or geographic name entry element Supernatural
Form subdivision Fiction.
650 #1 - SUBJECT ADDED ENTRY--TOPICAL TERM
Topical term or geographic name entry element Love
Form subdivision Fiction.
651 #1 - SUBJECT ADDED ENTRY--GEOGRAPHIC NAME
Geographic name Japan
Form subdivision Fiction.
655 #7 - INDEX TERM--GENRE/FORM
Genre/form data or focus term Fantasy fiction.
Source of term lcgft.
800 1# - SERIES ADDED ENTRY--PERSONAL NAME
Personal name Sun, Amanda.
Title of a work Paper Gods series.
901 ## - LOCAL DATA ELEMENT A, LDA (RLIN)
a BTSERIES141024
901 ## - LOCAL DATA ELEMENT A, LDA (RLIN)
a BTSERIES140707B
901 ## - LOCAL DATA ELEMENT A, LDA (RLIN)
a BTSERIES140630C
901 ## - LOCAL DATA ELEMENT A, LDA (RLIN)
a BTSERIES140630B
901 ## - LOCAL DATA ELEMENT A, LDA (RLIN)
a BTSERIES140630A
901 ## - LOCAL DATA ELEMENT A, LDA (RLIN)
a BTSERIES140623A
908 14 - PUT COMMAND PARAMETER (RLIN)
Put command parameter PZ7.S7982
942 ## - ADDED ENTRY ELEMENTS (KOHA)
Source of classification or shelving scheme
Koha item type Books - Fiction
Holdings
Withdrawn status Lost status Source of classification or shelving scheme Damaged status Not for loan Collection code Permanent Location Current Location Shelving location Date acquired Total Checkouts Full call number Barcode Date last seen Date last checked out Price effective from Koha item type
          Fiction KH8 Senior School Library KH8 Senior School Library Fiction 2019-07-29 4 FIC SUN 3KHSL000101163 2024-11-14 2024-11-14 2019-07-29 Books - Fiction

Powered By KH8 IT Dept